000
00304nam a2200121Ia 4500
008
190216s9999||||xx |||||||||||||| ||und||
100
_a
Chisholm. J.S.R
245
0
_a
Vectors In Three Dimensional Space
250
_a
1st Ed.
260
_b
Cambridge Uty Press
_c
1978
650
_a
Mathematics
942
_c
BK
999
_c
30835
_d
30835